[Event "XXIV ProAm Copa Clarin 2017"]
[Site "Villa Martelli"]
[Date "2017.10.05"]
[Round "6"]
[White "Tomeo, Ivan"]
[Black "Mareco, Sandro"]
[Result "0-1"]
[WhiteElo "2149"]
[BlackElo "2649"]
[Annotator "TA"]
[PlyCount "86"]
[EventDate "2017.??.??"]
[EventType "swiss"]
[EventCountry "ARG"]
[SourceTitle "playchess.com"]
[Source "ChessBase"]
[SourceQuality "1"]

{[%evp 26,86,0,-3,50,22,50,24,43,17,33,0,0,0,0,0,0,0,33,0,0,-14,-7,-56,-46,-34,0,0,0,-47,-16,-72,-2,-10,0,-119,-47,-344,-355,-738,-727,-729,-730,-721,-723,-702,-685,-695,-618,-600,-593,-688,-687,-661,-655,-758,-767,-750,-756,-725,-718,-1324,-1261]} 1. e4 c5 2. Nf3 d6 3. d4 cxd4 4. Nxd4 Nf6 5. Nc3 a6 6. Bg5 Nbd7 7. Qe2 e6 8. O-O-O Qc7 9. f4 b5 10. a3 {B96: Sicilian Najdorf: 6 Bg5 e6 7 f4, lines other than 7...Qb6 and 7...Be7} Be7 11. g4 Bb7 12. Bh4 h6 (12... b4 13. axb4 a5 14. Bxf6 Nxf6 15. b5 a4 16. g5 Nxe4 17. Nxe4 d5 {½-½ (40) Adhiban,B (2677)-Nepomniachtchi,I (2751) Tbilisi 2017}) 13. Kb1 Rc8 14. Rg1 {LiveBook: 6 Games} g6 (14... g5 $11 15. fxg5 Nh7) 15. f5 $14 e5 16. Nb3 g5 17. Bf2 $146 ({Predecessor:} 17. Be1 h5 {1-0 (31) Simmelink,J (2289)-Minte,D (2261) LSS email 2014}) 17... h5 18. h4 Nxg4 19. hxg5 Bxg5 20. Be1 Ndf6 21. Rg3 Bh4 22. Rgd3 (22. Nxb5 $5 axb5 23. Rc3 $11) 22... Bxe1 23. Qxe1 Rd8 24. Bg2 Qb6 25. R1d2 Ke7 26. Re2 Rhg8 27. Na5 Ba8 $1 28. Nd5+ (28. Bh3 $11) 28... Nxd5 (28... Bxd5 $1 $17 29. exd5 Kf8) 29. exd5 $11 Rg5 30. b4 (30. Nc6+ $11 Bxc6 31. Qh4) 30... Rdg8 $36 {[%mdl 2048] White is under pressure.} (30... Nf6 $17 {aiming for ...Rdg8.} 31. Nc6+ Bxc6 32. dxc6 Rg4) 31. Rc3 $2 {[%mdl 8192] [#]} (31. c4 $15) 31... Nf6 $19 (31... Rxf5 $2 32. Nc6+ Kf8 33. Qd2 $19) 32. Rxe5+ $2 (32. Nc6+ Bxc6 33. Rxc6) 32... dxe5 {Black is clearly winning.} 33. Qxe5+ Kf8 34. d6 Kg7 ({Not} 34... Rxg2 $2 35. Qxf6 Rg1+ 36. Kb2 $18) 35. Bxa8 Re8 36. Qc5 Qxc5 37. bxc5 {With the idea Bb7.} Rxa8 38. c6 Ne4 39. Rd3 {[#]} Nxd6 $1 40. f6+ (40. Rxd6 h4) 40... Kg6 41. Rxd6 Rc8 42. Rd3 h4 {[%cal Bh5h4,Bh4h3][%mdl 32]} 43. Rd4 h3 {Precision: White = 36%, Black = 52%.} 0-1

[Event "XXIV ProAm Copa Clarin 2017"]
[Site "Villa Martelli"]
[Date "2017.10.06"]
[Round "7"]
[White "Mareco, Sandro"]
[Black "Mussanti, Diego"]
[Result "1-0"]
[WhiteElo "2649"]
[BlackElo "2288"]
[Annotator "TA"]
[PlyCount "77"]
[EventDate "2017.??.??"]
[EventType "swiss"]
[EventCountry "ARG"]
[SourceTitle "playchess.com"]
[Source "ChessBase"]
[SourceQuality "1"]

{[%evp 20,77,61,67,77,72,64,75,66,42,49,50,92,85,159,104,146,147,161,85,95,64,79,72,65,70,66,65,147,122,142,152,159,159,155,157,158,162,167,136,240,230,310,329,300,291,320,230,494,404,397,401,399,402,396,372,939,877,2243,2175]} 1. Nf3 d5 2. g3 Nf6 3. Bg2 e6 4. c4 dxc4 5. Qa4+ Nbd7 6. Qxc4 a6 7. Qc2 c5 8. Nc3 Be7 {A13: English Opening: 1...e6} (8... Bd6 9. O-O O-O 10. d4 Qe7 11. Rd1 h6 12. Bf4 Bxf4 13. gxf4 cxd4 14. Nxd4 Rd8 15. e3 Nf8 16. Na4 {½-½ (51) Grandelius,N (2649)-Carlsen,M (2851) Stavanger 2016}) 9. O-O O-O 10. d4 cxd4 11. Nxd4 {LiveBook: 13 Games} Qa5 12. Rd1 Nb6 13. h3 $146 ({Predecessor:} 13. e4 Bd7 14. Qe2 Na4 15. Nxa4 Bxa4 16. b3 Bb5 17. Nxb5 Qxb5 18. Qxb5 axb5 19. Bb2 {1-0 (44) Neiksans,A (2591)-Leuranguer,Y (2268) Germany 2016}) 13... Nbd5 14. Bd2 Qb6 15. Nf3 Nxc3 16. Bxc3 Bc5 (16... Qc7 $142) 17. e4 (17. e3 $142) 17... a5 18. Rac1 {[#] Strongly threatening Bxf6.} Nd7 19. Rd3 (19. Ne5 $18 Rd8 20. Nc4) 19... Qc7 $16 20. Qd2 b6 $1 ({But not} 20... Qxg3 $2 21. Ne5 $18) 21. Rd1 {[%cal Rd3d7]} Ra7 22. a3 $40 {[%mdl 128] White mounts an attack.} a4 ({Don't blunder} 22... Qxg3 $2 23. b4 $18) 23. e5 Nb8 {[#]} ({Black should try} 23... h6 $14) 24. Ng5 $1 {[%cal Bf3g5,Bg5e4,Be4f6][%mdl 32]} Ba6 25. Rd8 h6 26. Ne4 Nc6 27. Rxf8+ Bxf8 28. Qf4 Ne7 29. Qg4 Nd5 (29... Bb5 $16 30. Nf6+ Kh8) 30. Nf6+ $1 $18 Nxf6 31. exf6 g6 32. Qxa4 {Hoping for Qe8.} Bc8 33. Qd4 Bc5 $2 (33... Bb7 {keeps fighting.} 34. Qe5 Qc8) 34. Qd8+ Kh7 35. Qe8 Qxg3 {White must now prevent ...Rd7!} 36. Qxc8 Qxf2+ 37. Kh1 e5 $2 (37... h5 38. Qd8 Qe3) 38. Rf1 Qg3 39. Bb4 {Precision: White = 85%, Black = 54%.} 1-0

[Event "XXIV ProAm Copa Clarin 2017"]
[Site "Villa Martelli"]
[Date "2017.10.06"]
[Round "7"]
[White "Flores, Diego"]
[Black "Pierrot, Facundo"]
[Result "1-0"]
[WhiteElo "2580"]
[BlackElo "2405"]
[Annotator "TA"]
[PlyCount "57"]
[EventDate "2017.??.??"]
[EventType "swiss"]
[EventCountry "ARG"]
[SourceTitle "playchess.com"]
[Source "ChessBase"]
[SourceQuality "1"]

{[%evp 18,57,0,0,0,0,0,0,0,-7,52,54,79,68,78,70,72,66,69,54,34,12,21,0,0,0,0,0,16,8,19,12,87,90,122,118,118,97,216,227,364,365]} 1. Nf3 Nf6 2. c4 e6 3. Nc3 d5 4. d4 Be7 5. Bg5 O-O 6. e3 h6 7. Bh4 Ne4 8. Bg3 c5 {D56: Queen's Gambit Declined: Lasker Defence} (8... Bb4 9. Rc1 c5 10. cxd5 exd5 11. Bd3 Nc6 12. O-O Bxc3 13. bxc3 Bg4 14. dxc5 Qa5 15. c4 Nxg3 16. hxg3 d4 17. exd4 Nxd4 18. Bh7+ Kxh7 19. Qxd4 Bxf3 20. gxf3 Rac8 21. Rc2 Kg8 22. Qd5 b6 {½-½ (22) Kamsky,G (2725)-Wang,Y (2739) Nice 2009}) 9. cxd5 exd5 10. Bd3 {[%cal Bf1d3,Bd3c2,Bc2b3][%mdl 32] LiveBook: 7 Games} Nxg3 {The position is equal.} 11. hxg3 cxd4 $146 ({Predecessor:} 11... Nc6 12. dxc5 Bf6 13. Nxd5 Bxb2 14. Rb1 Qa5+ 15. Kf1 Qa3 16. Qc2 {1-0 (26) Sergeev,V (2486)-Marentini,M (2073) Triesen 2012}) 12. Nxd4 Nc6 13. Bc2 Ne5 ({Black should play} 13... Bf6 $11) 14. O-O $14 Bf6 15. Nde2 Nc6 16. Qd3 {[%csl Gc2][%cal Rd3h7] [#]} g6 17. Bb3 Bf5 18. Qb5 d4 19. Rad1 Bd7 20. Nd5 Bg7 21. Nef4 Na5 22. Qb4 Nxb3 23. axb3 Re8 24. Rxd4 Bxd4 (24... a5 $11 {remains equal.} 25. Qxb7 Bxd4 26. exd4 Kf8) 25. Qxd4 $16 Bc6 26. Nf6+ $40 {[%mdl 128] White attacks with force.} Kf8 {[#] Strongly threatening ...Qxd4.} 27. Qc3 $1 ({Don't play} 27. Nxe8 $6 Qxd4 28. exd4 Rxe8 $11) 27... Qe7 (27... Qd6 $16) 28. Nxe8 $18 Kxe8 (28... Qxe8 $142 29. Qh8+ Ke7) 29. Rd1 {Precision: White = 92%, Black = 45%.} 1-0

[Event "XXIV ProAm Copa Clarin 2017"]
[Site "Villa Martelli"]
[Date "2017.10.06"]
[Round "7"]
[White "Valerga, Diego"]
[Black "Sanhueza, Cristian"]
[Result "1/2-1/2"]
[WhiteElo "2452"]
[BlackElo "2263"]
[Annotator "TA"]
[PlyCount "101"]
[EventDate "2017.??.??"]
[EventType "swiss"]
[EventCountry "ARG"]
[SourceTitle "playchess.com"]
[Source "ChessBase"]
[SourceQuality "1"]

{[%evp 20,101,8,0,77,13,37,8,8,12,13,12,13,0,11,13,17,5,49,33,67,66,66,62,81,93,89,94,144,144,144,143,136,138,139,131,133,126,139,120,137,60,64,64,64,64,64,64,119,106,118,115,207,203,333,333,327,326,318,306,262,254,565,565,554,525,576,486,572,565,552,543,535,532,529,510,577,524,422,0,486,341,302,0]} 1. d4 Nf6 2. c4 g6 3. Nc3 Bg7 4. Nf3 O-O 5. Bg5 {[%cal Bc1g5,Bg5h4,Bh4g3][%mdl 32]} c5 6. d5 d6 7. e3 h6 8. Bh4 g5 9. Bg3 Nh5 {E61: King's Indian: Early deviations for White, including Smyslov System} 10. Qc2 (10. Bd3 f5 11. Nd2 Nxg3 12. hxg3 Nd7 13. f4 Nf6 14. Qe2 gxf4 15. gxf4 Ng4 16. e4 fxe4 17. Qxe4 {0-1 (34) Indjic,A (2581)-Amin,B (2680) Abu Dhabi 2017}) 10... f5 $146 ({Predecessor:} 10... e6 11. dxe6 Bxe6 12. Be2 Nc6 13. Rd1 Nxg3 14. hxg3 Qe7 15. a3 f5 16. Nd5 Qf7 17. O-O {½-½ (45) Padeiro,J (2292)-Stets,D (2436) Figueira da Foz 2016}) 11. Be2 {LiveBook: 9 Games} e5 (11... Na6 $11) 12. dxe6 ({Better is} 12. Nd2 $16) 12... Bxe6 $11 13. Rd1 Nxg3 14. hxg3 Nc6 15. O-O Qe7 16. a3 Rad8 17. Nd5 $36 {[%mdl 2048] White is more active.} Qf7 18. Rd2 Ne7 {[%cal Re7d5]} 19. Nc7 Ng6 20. Nxe6 Qxe6 21. Rfd1 g4 22. Ne1 $1 h5 23. Nd3 Qe7 24. Nf4 Nxf4 25. gxf4 g3 26. Bf3 ({Reject} 26. fxg3 $6 Qxe3+ 27. Kh2 h4 $11) ({Of course not} 26. Bxh5 $6 gxf2+ 27. Rxf2 Qxe3 $11) 26... h4 27. Rd5 Qf6 28. b4 b6 29. Qd2 Rfe8 30. Rxd6 (30. Kf1 $16) 30... Rxd6 31. Qxd6 Qxd6 32. Rxd6 cxb4 $16 {[%mdl 4096] Endgame KRB-KRB} 33. Bd5+ Kh8 (33... Kf8 $14) 34. axb4 {[%cal Ba3b4,Bb4b5][%mdl 32]} Bf8 {[#]} 35. Re6 $1 {[%cal Re6e8]} Rd8 (35... Rxe6 $16 36. Bxe6 Bxb4) 36. b5 $18 Kg7 (36... gxf2+ $142 37. Kxf2 Kg7) 37. fxg3 hxg3 {[#]} 38. Kf1 $1 Bb4 39. Ke2 Rh8 40. Kf3 Be1 $2 (40... Rh6 41. Rxh6 Kxh6 42. Kxg3 Kg6) 41. Re7+ Kf6 42. Rxa7 Bb4 43. Rf7+ Kg6 44. Rc7 Bc5 45. Rc6+ Kg7 46. Re6 Rh1 47. Kxg3 Rf1 48. Re5 Kf6 49. Re6+ Kg7 50. Re8 Kg6 51. Re6+ $2 {Precision: White = 71%, Black = 37%.} (51. Kh2 $18) 1/2-1/2

[Event "XXIV ProAm Copa Clarin 2017"]
[Site "Villa Martelli"]
[Date "2017.10.06"]
[Round "7"]
[White "Slipak, Sergio"]
[Black "Ferrara, Enzo"]
[Result "1-0"]
[WhiteElo "2437"]
[BlackElo "2152"]
[Annotator "TA"]
[PlyCount "47"]
[EventDate "2017.??.??"]
[EventType "swiss"]
[EventCountry "ARG"]
[SourceTitle "playchess.com"]
[Source "ChessBase"]
[SourceQuality "1"]

{[%evp 15,47,76,71,65,87,81,103,91,100,101,94,98,92,95,125,123,158,147,162,161,449,452,912,904,907,909,907,908,908,879,885,853,812,812]} 1. d4 e6 2. c4 f5 3. Nc3 Nf6 4. Nf3 d5 5. Bf4 c6 6. e3 Bd6 7. Bd3 Qe7 {A84: Dutch Defence: 2 c4 Miscellaneous} (7... O-O 8. Qc2 Ne4 9. O-O Bxf4 10. exf4 Nd7 11. Rac1 h6 12. b4 a6 13. c5 g5 14. Ne2 Qf6 15. Rce1 {1-0 (32) Svane,R (2581)-Jugelt,T (2431) Apolda 2017}) 8. O-O O-O {LiveBook: 4 Games} 9. Qb3 Kh8 $146 {White is slightly better.} ({Predecessor:} 9... Ne4 10. cxd5 Nxc3 11. Bxd6 Qxd6 12. dxc6 Nxc6 13. bxc3 b6 14. e4 fxe4 15. Bxe4 Bb7 16. Ng5 {1-0 (16) Vargyas,Z (2174)-Gruz,J (1933) Budapest 2010}) 10. a4 {[%cal Ba2a4,Ba4a5,Ba5a6][%mdl 32]} Nbd7 11. cxd5 Nxd5 12. Bxd6 Qxd6 13. a5 Rb8 14. Rfc1 N7f6 15. Qa3 Rd8 16. Ne5 Kg8 17. a6 $40 {[%mdl 128] White goes for the king.} b5 $2 {[#]} (17... Qxa3 18. Rxa3 Nb4 19. axb7 Rxb7) 18. Nxd5 $18 {White is clearly winning.} Qxd5 (18... Nxd5 $142 19. Nxc6 Rb6) 19. Nxc6 b4 20. Qa5 Qxa5 21. Rxa5 Bd7 22. Nxb8 Rxb8 23. Rc7 Ra8 24. Bb5 {Precision: White = 70%, Black = 33%.} 1-0

[Event "XXIV ProAm Copa Clarin 2017"]
[Site "Villa Martelli"]
[Date "2017.10.06"]
[Round "7"]
[White "Llanos, Guillermo"]
[Black "De Dovitiis, Alejo"]
[Result "0-1"]
[WhiteElo "2305"]
[BlackElo "2338"]
[Annotator "ChessBase"]
[PlyCount "90"]
[EventDate "2017.??.??"]
[EventType "swiss"]
[EventCountry "ARG"]
[SourceTitle "playchess.com"]
[Source "ChessBase"]
[SourceQuality "1"]
[TimeControl "5400+30"]

1. Nf3 {[%emt 0:00:00]} Nf6 {[%emt 0:02:07]} 2. e3 {[%emt 0:00:00]} g6 {[%emt 0:00:53]} 3. b3 {[%emt 0:02:06]} Bg7 {[%emt 0:00:26]} 4. Bb2 {[%emt 0:00:05]} O-O {[%emt 0:00:42]} 5. Be2 {[%emt 0:00:04]} c5 {[%emt 0:00:40]} 6. c4 {[%emt 0:00:25]} b6 {[%emt 0:05:57]} 7. O-O {[%emt 0:00:37]} Bb7 {[%emt 0:00:05]} 8. d4 {[%emt 0:03:48]} cxd4 {[%emt 0:02:16]} 9. Nxd4 {[%emt 0:02:00]} Na6 {[%emt 0:04:24]} 10. Nc3 {[%emt 0:00:32]} Nc5 {[%emt 0:01:08]} 11. f3 {[%emt 0:07:31]} e5 {[%emt 0:05:02]} 12. Ndb5 {[%emt 0:00:54]} d5 {[%emt 0:01:45]} 13. Nxd5 {[%emt 0:00:55]} Bxd5 {[%emt 0:01:56]} 14. cxd5 {[%emt 0:00:06]} Nxd5 {[%emt 0:00:07]} 15. e4 {[%emt 0:20:46]} Nf4 {[%emt 0:02:07]} 16. Bc4 {[%emt 0:01:35]} Qg5 {[%emt 0:01:50]} 17. Qc2 {[%emt 0:00:39]} a6 {[%emt 0:03:17]} 18. Nc3 {[%emt 0:09:00]} b5 {[%emt 0:01:28]} 19. b4 {[%emt 0:04:23]} bxc4 {[%emt 0:16:19]} 20. bxc5 {[%emt 0:00:06]} Rfd8 {[%emt 0:00:08]} 21. Bc1 {[%emt 0:03:20]} Qe7 {[%emt 0:04:54]} 22. Be3 {[%emt 0:04:13]} Rd3 {[%emt 0:01:12]} 23. Rfe1 {[%emt 0:00:04]} Rxe3 {[%emt 0:10:31]} 24. Rxe3 {[%emt 0:00:05]} Qxc5 {[%emt 0:00:03]} 25. Qf2 Bh6 {[%emt 0:08:11]} 26. Ree1 {[%emt 0:17:15]} Qa5 {[%emt 0:04:31]} 27. Qc2 {[%emt 0:01:36]} Rd8 {[%emt 0:01:27]} 28. Nd5 {[%emt 0:02:08]} Qc5+ {[%emt 0:09:24]} 29. Kh1 {[%emt 0:00:49]} Nxd5 {[%emt 0:00:44]} 30. exd5 {[%emt 0:00:03]} Rxd5 {[%emt 0:00:40]} 31. Rad1 {[%emt 0:06:00]} Rd4 {[%emt 0:00:28]} 32. g3 {[%emt 0:02:53]} Qd5 {[%emt 0:01:03]} 33. Kg2 {[%emt 0:00:05]} c3 {[%emt 0:04:19]} 34. Rxd4 {[%emt 0:02:46]} exd4 {[%emt 0:00:09]} 35. a4 {[%emt 0:04:12]} Bd2 {[%emt 0:01:24]} 36. Re8+ {[%emt 0:00:06]} Kg7 {[%emt 0:00:04]} 37. Qd3 {[%emt 0:00:16]} Qc5 {[%emt 0:01:00]} 38. Qc2 {[%emt 0:02:11]} d3 {[%emt 0:02:28]} 39. Qxd3 {[%emt 0:00:03]} c2 {[%emt 0:00:03]} 40. Qd8 {[%emt 0:03:13]} c1=Q {[%emt 0:00:12]} 41. Rg8+ {[%emt 0:01:33]} Kh6 {[%emt 0:00:07]} 42. Qh4+ {[%emt 0:00:16]} Qh5 {[%emt 0:00:06]} 43. Qe7 {[%emt 0:00:16]} Bb4 {[%emt 0:01:49]} 44. Qxb4 {[%emt 0:00:31]} Qc2+ {[%emt 0:00:04]} 45. Kg1 {[%emt 0:00:16]} Qhxh2+ 0-1

[Event "XXIV ProAm Copa Clarin 2017"]
[Site "Villa Martelli"]
[Date "2017.10.06"]
[Round "7"]
[White "Hernandez Amura, Gilberto"]
[Black "Perez Ponsa, Federico"]
[Result "0-1"]
[WhiteElo "2166"]
[BlackElo "2588"]
[Annotator "TA"]
[PlyCount "64"]
[EventDate "2017.??.??"]
[EventType "swiss"]
[EventCountry "ARG"]
[SourceTitle "playchess.com"]
[Source "ChessBase"]
[SourceQuality "1"]

{[%evp 14,64,3,7,8,-5,21,-12,-14,-62,-61,-64,-66,-76,-78,-99,-93,-94,-46,-52,-31,-29,-16,-93,-93,-93,-100,-99,-99,-96,-106,-93,-85,-154,-146,-145,-135,-139,-127,-131,-129,-130,-137,-270,-182,-226,-226,-233,-226,-233,-226,-287,-279]} 1. e4 c5 2. Nf3 e6 3. b3 d6 4. Bb2 Nf6 5. d3 Nc6 6. g3 {B50: Sicilian: 2...d6, Miscellaneous} (6. Nbd2 Be7 7. g3 O-O 8. Bg2 e5 9. O-O b5 10. a3 a5 11. c3 Qb6 12. d4 cxd4 13. cxd4 exd4 {0-1 (37) Bacrot,E (2695)-Rublevsky,S (2676) Moscow 2007}) 6... Be7 7. Bg2 O-O 8. O-O {LiveBook: 8 Games. The position is equal.} d5 9. Nbd2 b6 10. Re1 d4 11. e5 {Black must now prevent Nxd4.} Nd5 12. h4 $146 ({Predecessor:} 12. Ne4 Bb7 13. h4 {0-1 (29) Sprangers,R (2182)-Michiels,B (2455) Vlissingen 2006}) 12... Qc7 13. h5 h6 $1 14. Nf1 Bb7 15. N1h2 Rae8 16. Ng4 f5 (16... Bd8 {is interesting.} 17. Nd2 Nce7 18. a4 Bc6 19. Nc4 Nf5) 17. exf6 $1 Nxf6 18. Nh4 {[#]} (18. Nd2 $11 {keeps the balance.}) 18... Nxg4 $1 $17 19. Qxg4 Bxh4 $1 20. Qxh4 Nb4 21. Re2 Bxg2 22. Kxg2 Rf5 23. Rae1 ({White should play} 23. Qe4) 23... Qf7 24. Bc1 Rxh5 25. Qg4 {[%cal Re2e6]} e5 $36 {[%cal Be6e5,Be5f4][%mdl 2080] White is under strong pressure.} 26. f4 Qd5+ 27. Re4 exf4 {[#]} 28. Qf3 (28. Qxh5 $1 $17 {[%mdl 512]} Qxh5 29. Rxe8+ Kh7 30. Bxf4) 28... Rhe5 29. Rxe5 Rxe5 30. Rxe5 Qxe5 31. Bxf4 Qe6 32. Qa8+ Kh7 {Precision: White = 40%, Black = 69%.} 0-1

[Event "XXIV ProAm Copa Clarin 2017"]
[Site "Villa Martelli"]
[Date "2017.10.07"]
[Round "8"]
[White "Perez Ponsa, Federico"]
[Black "Mareco, Sandro"]
[Result "0-1"]
[WhiteElo "2588"]
[BlackElo "2649"]
[Annotator "TA"]
[PlyCount "90"]
[EventDate "2017.??.??"]
[EventType "swiss"]
[EventCountry "ARG"]
[SourceTitle "playchess.com"]
[Source "ChessBase"]
[SourceQuality "1"]

{[%evp 20,90,-8,-19,0,0,0,0,0,0,0,0,0,0,0,0,0,0,16,-42,0,-39,10,-152,-177,-162,-168,-155,-154,-160,-164,-169,-154,-168,-159,-161,-137,-154,-153,-144,-125,-115,-92,-119,-81,-100,-85,-181,-185,-200,-200,-190,-191,-230,-196,-251,-252,-292,-286,-297,-301,-290,-267,-329,-328,-312,-312,-345,-308,-468,-466,-802,-801]} 1. e4 c5 2. Nf3 d6 3. d4 cxd4 4. Nxd4 Nf6 5. Nc3 a6 6. Bg5 Nbd7 7. Bc4 Qb6 {B94: Sicilian Najdorf: 6 Bg5 Nbd7} (7... Qa5 8. Qd2 e6 9. Bb3 Be7 10. O-O-O h6 11. Be3 Nc5 12. Kb1 Bd7 13. f3 Qc7 14. g4 b5 15. a3 Qb7 16. h4 a5 {1-0 (34) Nepomniachtchi,I (2732)-Korobov,A (2711) Khanty-Mansiysk 2017}) 8. O-O Qxb2 9. Nd5 Nxd5 10. Rb1 Qc3 11. Bxd5 {LiveBook: 10 Games} e6 12. Bxb7 Bxb7 13. Rxb7 Nc5 14. Rb6 Nxe4 15. Be3 {[#] And now Qf3 would win.} Be7 $146 16. Qg4 Nf6 $1 {[%cal Rf6g4]} 17. Qxg7 Rg8 18. Qh6 Rg4 19. Rc6 (19. Rd1 $11) 19... Qa5 {Strongly threatening ...Qd5.} 20. Qh3 Qa4 21. Qf3 $2 {[#]} (21. f4 $1 $11) 21... Rxd4 $17 22. Bxd4 Qxd4 23. Rxd6 Qe4 ({But not} 23... Bxd6 24. Qxa8+ Ke7 25. Qxa6 $11) 24. Rc6 Qxf3 25. gxf3 Kd7 26. Rb6 Nd5 27. Rb7+ Ke8 28. Rfb1 Bd8 29. c4 Nc3 30. R1b3 Na4 31. Kf1 a5 32. R7b5 Rc8 33. Rh5 (33. Rb8 $17 Rxb8 34. Rxb8) 33... Rxc4 $19 34. Rxh7 Bb6 35. a3 Ke7 36. Rg7 Bc7 37. Rg4 (37. Rb7 $142) 37... Rc1+ 38. Kg2 Nb6 39. f4 Nd5 40. f5 exf5 41. Rd4 Nf4+ 42. Kf3 Ne6 43. Rd5 Kf6 ({Don't play} 43... Bxh2 44. Re3 $19) 44. h3 (44. Ke2 {might work better.}) 44... a4 45. Rbd3 (45. Rb4 $142 Rc3+ 46. Ke2) 45... Nf4 {Precision: White = 46%, Black = 76%.} 0-1

[Event "XXIV ProAm Copa Clarin 2017"]
[Site "Villa Martelli"]
[Date "2017.10.07"]
[Round "8"]
[White "Pierrot, Facundo"]
[Black "Leon, Juan Carlos"]
[Result "1-0"]
[WhiteElo "2405"]
[BlackElo "2172"]
[Annotator "TA"]
[PlyCount "67"]
[EventDate "2017.??.??"]
[EventType "swiss"]
[EventCountry "ARG"]
[SourceTitle "playchess.com"]
[Source "ChessBase"]
[SourceQuality "1"]

{[%evp 20,67,0,-4,0,-16,0,-36,-23,-25,-35,-44,-32,-34,-33,-43,-11,-7,-7,-19,0,0,0,0,0,0,0,0,0,0,35,43,66,68,150,176,454,460,488,478,908,923,893,883,856,742,29982,29980,29983,29984]} 1. e4 e6 2. d4 d5 3. Nd2 Be7 4. Bd3 c5 5. dxc5 Nf6 6. Qe2 O-O 7. Ngf3 {C03: French Tarrasch: Unusual Black 3rd moves} a5 {[%cal Ba7a5,Ba5a4,Ba4a3][%mdl 32]} 8. O-O Na6 9. e5 Nd7 10. Nb3 (10. c3 Naxc5 11. Bb5 f6 12. exf6 Bxf6 13. Nb3 Nxb3 14. axb3 e5 15. Bxd7 Bxd7 16. Nxe5 {1-0 (45) Zhigalko,S (2652)-Shirov,A (2673) Baku 2016}) 10... a4 11. Nbd4 {LiveBook: 9 Games} Ndxc5 12. Bf4 Bd7 13. g3 $146 ({Predecessor:} 13. Rfc1 Nxd3 14. cxd3 Qb6 {0-1 (39) Dessenne,F (2080)-Friess,N (2199) France 2007}) 13... a3 14. b3 Nb4 15. h4 {[%cal Bh2h4,Bh4h5,Bh5h6][%mdl 32]} Ncxd3 16. cxd3 Qb6 17. h5 Rfc8 18. h6 g6 19. Be3 Qa6 20. Rfd1 Rc3 21. Ne1 Rac8 22. Bd2 R3c7 23. Qg4 Nc6 ({Don't go for} 23... Nxd3 $2 24. Nxd3 Bb5 25. Nf4 $18) (23... Qb6 {is interesting.} 24. Qf4 Nc6 25. Ndf3 Qb5 26. Rac1 Nb4) 24. Nef3 {[%cal Be1f3,Bf3h2,Bh2g4,Bg4e5][%mdl 32]} Nxd4 25. Qxd4 Bf8 26. Nh2 Bb5 ({Better is} 26... Qb5 $14) 27. Ng4 $16 Kh8 $2 {[#]} ({Less strong is} 27... Bxd3 28. Nf6+ Kh8 29. Bb4 $15) (27... Be7) 28. Bb4 $18 Bxb4 29. Qxb4 f5 (29... Qb6 $142 30. Qf4 f5) 30. exf6 e5 31. Nxe5 Qxf6 32. Qxb5 Qxe5 33. Re1 Rc5 34. Qxc5 {Precision: White = 72%, Black = 35%.} 1-0

[Event "XXIV ProAm Copa Clarin 2017"]
[Site "Villa Martelli"]
[Date "2017.10.07"]
[Round "8"]
[White "Della Morte, German"]
[Black "Slipak, Sergio"]
[Result "0-1"]
[WhiteElo "2362"]
[BlackElo "2437"]
[Annotator "TA"]
[PlyCount "58"]
[EventDate "2017.??.??"]
[EventType "swiss"]
[EventCountry "ARG"]
[SourceTitle "playchess.com"]
[Source "ChessBase"]
[SourceQuality "1"]

{[%evp 22,58,49,15,8,12,21,8,17,-29,-30,-135,-147,-268,-249,-364,-365,-346,-280,-441,-445,-447,-433,-431,-366,-377,-373,-577,0,-318,0,-577,-577,-790,-526,-29981,-600,-29991,-29992]} 1. e4 e6 2. d4 d5 3. Nd2 dxe4 4. Nxe4 Bd7 5. Nf3 Bc6 6. Bd3 Nd7 7. Bf4 Ngf6 {C10: French with 3 Nc3: Unusual Black 3rd moves and 3...dxe4} 8. Nxf6+ Nxf6 9. O-O Bxf3 10. Qxf3 c6 11. c3 Bd6 12. Be5 {LiveBook: 8 Games} (12. Bd2 {is interesting.} O-O 13. Rfe1 Re8 14. Rad1 h6 15. g3) 12... Bxe5 13. dxe5 Nd7 14. Qg3 g6 {[#]} 15. f4 $146 ({Predecessor:} 15. Rfe1 Qb6 {½-½ (50) Alsina Leal,D (2533)-Rakhmanov,A (2670) Barcelona 2017}) 15... Qb6+ 16. Kh1 (16. Qf2 $11 {remains equal.}) 16... Qxb2 $17 17. f5 (17. Rab1 $17 Qxc3 18. Rf3 (18. Rb3 $2 Qd4 $17)) 17... gxf5 $19 ({Not} 17... exf5 18. Bc4 $17) 18. Bxf5 (18. Rab1 $142 Qxc3 19. Qe3) 18... exf5 19. Rfb1 Qc2 20. Rxb7 (20. e6 $142 fxe6 21. Rxb7) 20... O-O-O 21. Rxa7 {[#] Threatens to win with e6!} Rhg8 22. Qf3 Nxe5 23. Qf1 {White wants to mate with Qa6+.} Nd3 24. Qf3 (24. Re1 $142 Kb8 25. Rae7 Nxe1 26. Rxe1) 24... Ne5 25. Qf1 {Intending Qa6+ and mate.} Nd3 26. Qf3 $1 {[%cal Rf3c6]} Rg6 27. Re7 Qf2 {( -> ...Qxf3)} 28. Qh3 Qc5 (28... Qb2 $142 29. Qxf5+ Kb8 30. Rg1 Nf2+ 31. Qxf2 Qxf2 32. Ree1 Rdg8 33. g3 Rh6 34. Rb1+ Kc7 35. Rg2 Qf3 36. Kg1 Qe3+ 37. Kh1 Rxg3 38. Rf1 {[#]} Rxh2+ $1 {[%mdl 512]} 39. Rxh2 Qe4+ 40. Rf3 Qxf3+ 41. Rg2 Qxg2#) 29. Qh4 Rg4 {Precision: White = 24%, Black = 72%.} 0-1